Programming and problem solving with python/ (Record no. 149785)

MARC details
000 -LEADER
fixed length control field 00703nam a22002057a 4500
005 - DATE AND TIME OF LATEST TRANSACTION
control field 20180208152008.0
010 ## - LCCN (DPL NO)
LC control number ENG-122215
020 ## - INTERNATIONAL STANDARD BOOK NUMBER
International Standard Book Number 9789387067578
Terms of availability 499.00
035 ## - SYSTEM CONTROL NUMBER
System control number EN-105747
037 ## - SOURCE OF ACQUISITION
Source of stock number/acquisition DBAD/PUB
082 ## - DEWEY DECIMAL CLASSIFICATION NUMBER
Classification number 005.133
100 ## - MAIN ENTRY--PERSONAL NAME
Personal name Kamthane,Ashok Namdev
245 ## - TITLE STATEMENT
Title Programming and problem solving with python/
Statement of responsibility, etc by Ashok Namdev kamthane [and] Amit Ashok Kamthane
260 ## - PUBLICATION, DISTRIBUTION, ETC. (IMPRINT)
Place of publication, distribution, etc Chennai
Name of publisher, distributor, etc McGraw Hill Education (India)
Date of publication, distribution, etc c2018
270 ## - ADDRESS
Address 444/1, Sri Ekambara Naicker Industrial Estate, Alapakkam,Porur
City Chennai
Postal code 600116
300 ## - PHYSICAL DESCRIPTION
Extent xxiv,398p.
Other physical details 24cm(pbk)
500 ## - GENERAL NOTE
General note It includes index
700 ## - ADDED ENTRY--PERSONAL NAME
Personal name Kamthane,Amit Ashok
942 ## - ADDED ENTRY ELEMENTS (KOHA)
Source of classification or shelving scheme Dewey Decimal Classification
Item type English Books
Classification part 005.133
Call number suffix KAM
Holdings
Withdrawn status Lost status Not for loan Collection code Home library Current library Date acquired Source of acquisition Cost, normal purchase price Full call number Barcode Copy number Cost, replacement price Koha item type
    Not For Loan Non-fiction D.B.Act.Division Bawana 07/02/2018 DBAD/PUB 499.00 005.133 KAM EN-105747 1 499.00 English Books

© Delhi Public Library
Hit Counter
free hit counter